Meditationes de prima philosophia méditations métaphysiques

I tiakina i:
Ngā taipitopito rārangi puna kōrero
Kaituhi matua: Descartes, René (autor)
Hōputu: Pukapuka
Reo:Wīwī
Rātini
I whakaputaina: París Philosophique J. Vrin 1966
Rangatū:Bibliothèque des Textes Philosophiques
Ngā marau:
Ngā Tūtohu: Tāpirihia he Tūtohu
Kāore He Tūtohu, Me noho koe te mea tuatahi ki te tūtohu i tēnei pūkete!

MARC

LEADER 00000nam a2200000 a 4500
001 UCO6437
003 CL-VaPUC
008 001020e19660000FR |||||||||||||||||fre|d
041 0 7 |a fre  |2 CL-VaPUC 
041 0 7 |a lat  |2 CL-VaPUC 
082 0 4 |a 141  |b DES  |2 21 
100 |a Descartes, René  |e autor  |9 265906 
245 1 0 |a Meditationes de prima philosophia méditations métaphysiques 
300 |a 87 p 
942 |c BK 
945 |d 20001020 00:00:00  |a crobeson 
260 |a París  |b Philosophique J. Vrin  |c 1966 
650 0 |a Metafísica  |9 265649 
650 0 |a Cartesianismo  |9 319318 
650 0 |a Filosofía francesa   |9 255698 
650 0 |a Idealismo  |9 265685 
650 7 |a DUALISMO  |2 CL-VaPUC  |9 394451 
650 0 |a Filosofía moderna  |9 258121 
583 |a last modification  |c 20001020 00:00:00  |k Rodrigo Vera 
490 0 |a Bibliothèque des Textes Philosophiques 
999 |c 291967  |d 291965 
952 |0 0  |1 0  |4 0  |6 141_000000000000000_DES_1966  |7 0  |8 P  |9 342329  |a BIBARQ  |b BIBARQ  |d 2019-11-20  |i 1227327  |o 141 DES 1966  |p 1227327  |r 2025-01-20  |w 2019-11-20  |y BK  |k ARQ